[Event "ODJM B 2025"]
[Site "Willingen GER"]
[Date "2025.06.10"]
[Round "4"]
[White "Kanno, Clara Yumi"]
[Black "Gretzinger, Maximilian"]
[Result "0-1"]
[Termination "normal"]
[Board "21"]
[WhiteElo "1706"]
[BlackElo "1710"]
[WhiteClock "00:58:10"]
[BlackClock "00:27:18"]
[PlyCount "126"]
[WhiteFideId "16259661"]
[BlackFideId "34694960"]
[EventCountry "GER"]
[EventRounds "9"]
[EventType "swiss"]
[EventDate "2025.06.07"]

1. d4 {[%clk 01:30:58]} {[%emt 00:00:02]} g6 {[%clk 01:30:59]} {[%emt
00:00:02]} 2. Bf4 {[%clk 01:31:21]} {[%emt 00:00:06]} Nf6 {[%clk 01:31:11]}
{[%emt 00:00:18]} 3. e3 {[%clk 01:31:13]} {[%emt 00:00:37]} Bg7 {[%clk
01:31:32]} {[%emt 00:00:09]} 4. Be2 {[%clk 01:31:27]} {[%emt 00:00:16]} d6
{[%clk 01:31:53]} {[%emt 00:00:10]} 5. c3 {[%clk 01:31:33]} {[%emt 00:00:24]}
Nbd7 {[%clk 01:32:00]} {[%emt 00:00:22]} 6. Nd2 {[%clk 01:31:51]} {[%emt
00:00:12]} O-O {[%clk 01:30:17]} {[%emt 00:02:14]} 7. h3 {[%clk 01:31:29]}
{[%emt 00:00:51]} Re8 {[%clk 01:29:47]} {[%emt 00:01:01]} 8. Ngf3 {[%clk
01:30:42]} {[%emt 00:01:17]} b6 {[%clk 01:29:55]} {[%emt 00:00:23]} 9. Qc2
{[%clk 01:22:50]} {[%emt 00:08:22]} Bb7 {[%clk 01:30:10]} {[%emt 00:00:13]} 10.
O-O {[%clk 01:22:16]} {[%emt 00:01:04]} e5 {[%clk 01:30:03]} {[%emt 00:00:38]}
11. dxe5 {[%clk 01:22:05]} {[%emt 00:00:40]} dxe5 {[%clk 01:30:04]} {[%emt
00:00:29]} 12. Bg5 {[%clk 01:21:43]} {[%emt 00:00:52]} h6 {[%clk 01:29:00]}
{[%emt 00:01:35]} 13. Bxf6 {[%clk 01:20:57]} {[%emt 00:01:16]} Nxf6 {[%clk
01:25:28]} {[%emt 00:04:02]} 14. Bc4 {[%clk 01:17:04]} {[%emt 00:04:23]} c5
{[%clk 01:20:39]} {[%emt 00:05:19]} 15. Rfd1 {[%clk 01:14:57]} {[%emt
00:02:37]} Qe7 {[%clk 01:20:42]} {[%emt 00:00:27]} 16. Qxg6 {[%clk 01:10:03]}
{[%emt 00:05:24]} b5 {[%clk 01:17:12]} {[%emt 00:04:00]} 17. Qg3 {[%clk
01:04:17]} {[%emt 00:06:15]} bxc4 {[%clk 01:15:21]} {[%emt 00:02:22]} 18. Nxc4
{[%clk 01:04:22]} {[%emt 00:00:24]} Bxf3 {[%clk 01:08:56]} {[%emt 00:06:56]}
19. Qxf3 {[%clk 01:04:37]} {[%emt 00:00:15]} Rad8 {[%clk 01:03:23]} {[%emt
00:06:03]} 20. Qc6 {[%clk 01:01:48]} {[%emt 00:03:18]} Qe6 {[%clk 00:55:00]}
{[%emt 00:08:54]} 21. Qxe6 {[%clk 00:57:47]} {[%emt 00:04:30]} Rxd1+ {[%clk
00:54:35]} {[%emt 00:00:55]} 22. Rxd1 {[%clk 00:58:07]} {[%emt 00:00:10]} Rxe6
{[%clk 00:54:50]} {[%emt 00:00:15]} 23. Rd8+ {[%clk 00:57:22]} {[%emt
00:01:15]} Bf8 {[%clk 00:54:23]} {[%emt 00:00:57]} 24. Ra8 {[%clk 00:54:45]}
{[%emt 00:03:09]} a6 {[%clk 00:51:36]} {[%emt 00:03:16]} 25. Kf1 {[%clk
00:53:27]} {[%emt 00:01:48]} Nd5 {[%clk 00:46:09]} {[%emt 00:05:56]} 26. Rb8
{[%clk 00:49:51]} {[%emt 00:04:07]} Kg7 {[%clk 00:42:00]} {[%emt 00:04:39]} 27.
Ke2 {[%clk 00:49:13]} {[%emt 00:01:08]} e4 {[%clk 00:38:57]} {[%emt 00:03:32]}
28. Nd2 {[%clk 00:46:21]} {[%emt 00:03:23]} f5 {[%clk 00:35:28]} {[%emt
00:03:59]} 29. Rc8 {[%clk 00:43:44]} {[%emt 00:03:06]} Nf6 {[%clk 00:25:45]}
{[%emt 00:10:14]} 30. Nb3 {[%clk 00:42:44]} {[%emt 00:01:30]} Rb6 {[%clk
00:24:45]} {[%emt 00:01:29]} 31. Kd2 {[%clk 00:41:16]} {[%emt 00:01:59]} Bd6
{[%clk 00:23:00]} {[%emt 00:02:13]} 32. Kc2 {[%clk 00:39:32]} {[%emt 00:02:15]}
Nd7 {[%clk 00:22:31]} {[%emt 00:00:59]} 33. Na5 {[%clk 00:38:50]} {[%emt
00:01:13]} Ne5 {[%clk 00:22:26]} {[%emt 00:00:34]} 34. Ra8 {[%clk 00:37:02]}
{[%emt 00:02:19]} Be7 {[%clk 00:18:03]} {[%emt 00:04:52]} 35. Ra7 {[%clk
00:34:53]} {[%emt 00:02:39]} Kf6 {[%clk 00:17:26]} {[%emt 00:01:07]} 36. Nb3
{[%clk 00:34:17]} {[%emt 00:01:07]} Nd3 {[%clk 00:17:05]} {[%emt 00:00:51]} 37.
Rc7 {[%clk 00:33:42]} {[%emt 00:01:04]} Nxf2 {[%clk 00:15:17]} {[%emt
00:02:18]} 38. a4 {[%clk 00:31:49]} {[%emt 00:02:24]} Nd3 {[%clk 00:14:16]}
{[%emt 00:01:31]} 39. a5 {[%clk 00:32:00]} {[%emt 00:00:19]} Re6 {[%clk
00:11:53]} {[%emt 00:02:52]} 40. g3 {[%clk 00:31:03]} {[%emt 00:01:28]} Bd6
{[%clk 00:11:43]} {[%emt 00:00:40]} 41. Rc8 {[%clk 00:30:49]} {[%emt 00:00:43]}
Bxg3 {[%clk 00:10:15]} {[%emt 00:01:58]} 42. Nxc5 {[%clk 00:31:07]} {[%emt
00:00:12]} Nxc5 {[%clk 00:10:16]} {[%emt 00:00:30]} 43. Rxc5 {[%clk 00:31:32]}
{[%emt 00:00:05]} Rd6 {[%clk 00:09:59]} {[%emt 00:00:47]} 44. c4 {[%clk
00:31:16]} {[%emt 00:00:45]} Bf2 {[%clk 00:10:06]} {[%emt 00:00:23]} 45. Rc8
{[%clk 00:31:06]} {[%emt 00:00:40]} Bxe3 {[%clk 00:10:03]} {[%emt 00:00:33]}
46. c5 {[%clk 00:31:08]} {[%emt 00:00:29]} Rd5 {[%clk 00:09:48]} {[%emt
00:00:43]} 47. b4 {[%clk 00:29:33]} {[%emt 00:02:07]} Ke7 {[%clk 00:07:01]}
{[%emt 00:03:17]} 48. c6 {[%clk 00:29:36]} {[%emt 00:00:28]} Rb5 {[%clk
00:06:36]} {[%emt 00:00:54]} 49. Kc3 {[%clk 00:28:56]} {[%emt 00:01:11]} Bf2
{[%clk 00:30:16]} {[%emt 00:06:48]} 50. Ra8 {[%clk 00:59:02]} {[%emt 00:00:24]}
Be1+ {[%clk 00:29:14]} {[%emt 00:01:33]} 51. Kc2 {[%clk 00:57:34]} {[%emt
00:01:51]} Kd6 {[%clk 00:27:13]} {[%emt 00:02:37]} 52. Rxa6 {[%clk 00:57:26]}
{[%emt 00:00:39]} Bxb4 {[%clk 00:27:05]} {[%emt 00:00:38]} 53. c7+ {[%clk
00:57:43]} {[%emt 00:00:12]} Kxc7 {[%clk 00:27:28]} {[%emt 00:00:08]} 54. Rxh6
{[%clk 00:57:50]} {[%emt 00:00:23]} Bxa5 {[%clk 00:27:17]} {[%emt 00:00:41]}
55. Kd1 {[%clk 00:57:43]} {[%emt 00:00:36]} e3 {[%clk 00:27:00]} {[%emt
00:00:47]} 56. Ke2 {[%clk 00:58:04]} {[%emt 00:00:10]} Bd2 {[%clk 00:27:04]}
{[%emt 00:00:26]} 57. h4 {[%clk 00:58:08]} {[%emt 00:00:26]} Re5 {[%clk
00:26:57]} {[%emt 00:00:37]} 58. h5 {[%clk 00:58:20]} {[%emt 00:00:18]} Kd7
{[%clk 00:26:46]} {[%emt 00:00:40]} 59. Rg6 {[%clk 00:58:16]} {[%emt 00:00:34]}
Re6 {[%clk 00:26:40]} {[%emt 00:00:36]} 60. Rg5 {[%clk 00:58:26]} {[%emt
00:00:20]} Rf6 {[%clk 00:26:45]} {[%emt 00:00:25]} 61. h6 {[%clk 00:58:10]}
{[%emt 00:00:47]} Rxh6 {[%clk 00:26:59]} {[%emt 00:00:15]} 62. Rxf5 {[%clk
00:58:18]} {[%emt 00:00:22]} Rh2+ {[%clk 00:27:08]} {[%emt 00:00:22]} 63. Kf3
{[%clk 00:58:10]} {[%emt 00:00:38]} Rf2+ {[%clk 00:27:18]} {[%emt 00:00:19]}
0-1

[Event "ODJM B 2025"]
[Site "Willingen GER"]
[Date "2025.06.10"]
[Round "4"]
[White "Zussner, Tim"]
[Black "Claussen, Daniela"]
[Result "1/2-1/2"]
[Termination "normal"]
[Board "22"]
[WhiteElo "1800"]
[BlackElo "1567"]
[WhiteClock "00:06:31"]
[BlackClock "00:36:38"]
[PlyCount "47"]
[WhiteFideId "34642765"]
[BlackFideId "16248929"]
[EventCountry "GER"]
[EventRounds "9"]
[EventType "swiss"]
[EventDate "2025.06.07"]

1. d4 {[%clk 01:30:57]} {[%emt 00:00:02]} e6 {[%clk 01:30:51]} {[%emt
00:00:09]} 2. Nf3 {[%clk 01:31:18]} {[%emt 00:00:09]} b6 {[%clk 01:30:49]}
{[%emt 00:00:32]} 3. e4 {[%clk 01:31:35]} {[%emt 00:00:14]} Bb7 {[%clk
01:31:07]} {[%emt 00:00:12]} 4. Bd3 {[%clk 01:31:43]} {[%emt 00:00:21]} Nf6
{[%clk 01:30:46]} {[%emt 00:00:51]} 5. Nbd2 {[%clk 01:31:53]} {[%emt 00:00:20]}
c5 {[%clk 01:30:32]} {[%emt 00:00:43]} 6. c3 {[%clk 01:30:30]} {[%emt
00:01:54]} cxd4 {[%clk 01:30:41]} {[%emt 00:00:21]} 7. cxd4 {[%clk 01:27:54]}
{[%emt 00:03:06]} Bb4 {[%clk 01:30:00]} {[%emt 00:01:12]} 8. O-O {[%clk
01:27:16]} {[%emt 00:01:07]} Bxd2 {[%clk 01:28:18]} {[%emt 00:02:12]} 9. Nxd2
{[%clk 01:25:43]} {[%emt 00:02:03]} Nc6 {[%clk 01:26:26]} {[%emt 00:02:22]} 10.
e5 {[%clk 01:22:21]} {[%emt 00:03:52]} Nd5 {[%clk 01:24:51]} {[%emt 00:02:05]}
11. Ne4 {[%clk 01:16:19]} {[%emt 00:06:32]} O-O {[%clk 01:22:09]} {[%emt
00:03:11]} 12. Qg4 {[%emt 00:19:42]} f5 {[%clk 01:13:02]} 13. exf6 {[%clk
01:03:19]} {[%emt 00:03:56]} Nxf6 {[%clk 01:12:49]} {[%emt 00:00:42]} 14. Qh4
{[%clk 00:48:21]} {[%emt 00:15:28]} Nxe4 {[%clk 01:01:40]} {[%emt 00:11:39]}
15. Qxe4 {[%clk 00:48:20]} {[%emt 00:00:32]} g6 {[%clk 01:00:34]} {[%emt
00:01:36]} 16. Qg4 {[%clk 00:36:20]} {[%emt 00:12:30]} Ne7 {[%clk 00:56:36]}
{[%emt 00:04:28]} 17. Bg5 {[%clk 00:32:20]} {[%emt 00:04:29]} Qe8 {[%clk
00:53:04]} {[%emt 00:04:03]} 18. Bxe7 {[%clk 00:27:46]} {[%emt 00:05:04]} Qxe7
{[%clk 00:53:21]} {[%emt 00:00:13]} 19. h4 {[%clk 00:26:12]} {[%emt 00:02:04]}
Qd6 {[%clk 00:49:41]} {[%emt 00:04:10]} 20. h5 {[%clk 00:07:48]} {[%emt
00:18:54]} Rf4 {[%clk 00:48:31]} {[%emt 00:01:39]} 21. Qh3 {[%clk 00:07:32]}
{[%emt 00:00:47]} g5 {[%clk 00:43:09]} {[%emt 00:05:51]} 22. Qg3 {[%clk
00:07:09]} {[%emt 00:00:54]} h6 {[%clk 00:42:41]} {[%emt 00:00:58]} 23. Rad1
{[%clk 00:06:31]} {[%emt 00:01:08]} Kg7 {[%clk 00:36:38]} {[%emt 00:06:33]} 24.
Bg6 {[%emt 00:07:34]} 1/2-1/2

[Event "ODJM B 2025"]
[Site "Willingen GER"]
[Date "2025.06.10"]
[Round "4"]
[White "Hofmann, Diego"]
[Black "Storey, Cameron"]
[Result "1-0"]
[Termination "normal"]
[Board "23"]
[WhiteElo "1796"]
[BlackElo "1712"]
[WhiteClock "00:53:31"]
[BlackClock "01:00:53"]
[PlyCount "41"]
[WhiteFideId "16269020"]
[BlackFideId "343453929"]
[EventCountry "GER"]
[EventRounds "9"]
[EventType "swiss"]
[EventDate "2025.06.07"]

1. e4 {[%clk 01:30:59]} g6 {[%clk 01:30:30]} {[%emt 00:00:30]} 2. d4 {[%clk
01:31:10]} {[%emt 00:00:19]} Bg7 {[%clk 01:30:30]} {[%emt 00:00:30]} 3. Nf3
{[%clk 01:31:17]} {[%emt 00:00:24]} d6 {[%clk 01:30:31]} {[%emt 00:00:28]} 4.
Bc4 {[%clk 01:31:13]} {[%emt 00:00:34]} Nc6 {[%clk 01:29:46]} {[%emt 00:01:15]}
5. O-O {[%clk 01:29:39]} {[%emt 00:02:04]} Nf6 {[%clk 01:29:53]} {[%emt
00:00:23]} 6. e5 {[%clk 01:26:11]} {[%emt 00:03:58]} dxe5 {[%clk 01:22:40]}
{[%emt 00:07:42]} 7. dxe5 {[%clk 01:26:30]} {[%emt 00:00:12]} Qxd1 {[%clk
01:22:13]} {[%emt 00:00:57]} 8. Rxd1 {[%clk 01:26:54]} {[%emt 00:00:05]} Ng4
{[%clk 01:22:39]} {[%emt 00:00:04]} 9. e6 {[%clk 01:23:18]} {[%emt 00:04:08]}
fxe6 {[%clk 01:21:28]} {[%emt 00:01:40]} 10. Ng5 {[%clk 01:20:04]} {[%emt
00:03:44]} Nd4 {[%clk 01:20:02]} {[%emt 00:01:56]} 11. Na3 {[%clk 01:18:51]}
{[%emt 00:01:43]} h6 {[%clk 01:19:29]} {[%emt 00:01:02]} 12. Ne4 {[%clk
01:03:58]} {[%emt 00:15:25]} Be5 {[%clk 01:13:23]} {[%emt 00:06:35]} 13. f4
{[%clk 01:02:21]} {[%emt 00:02:07]} Bg7 {[%clk 01:04:46]} {[%emt 00:09:06]} 14.
h3 {[%clk 01:01:49]} {[%emt 00:01:03]} e5 {[%clk 01:05:13]} {[%emt 00:00:03]}
15. hxg4 {[%clk 01:00:37]} {[%emt 00:01:42]} Bxg4 {[%clk 01:05:38]} {[%emt
00:00:05]} 16. Re1 {[%clk 00:59:02]} {[%emt 00:02:04]} exf4 {[%clk 01:03:00]}
{[%emt 00:03:08]} 17. c3 {[%clk 00:56:26]} {[%emt 00:03:07]} Nc6 {[%clk
01:01:51]} {[%emt 00:01:38]} 18. Bxf4 {[%clk 00:55:52]} {[%emt 00:01:04]} O-O-O
{[%clk 01:02:17]} {[%emt 00:00:05]} 19. Nc5 {[%clk 00:53:57]} {[%emt 00:02:24]}
h5 {[%clk 01:00:29]} {[%emt 00:02:18]} 20. Be6+ {[%clk 00:53:18]} {[%emt
00:01:09]} Kb8 {[%clk 01:00:53]} {[%emt 00:00:06]} 21. Bxg4 {[%clk 00:53:31]}
{[%emt 00:00:17]} 1-0

[Event "ODJM B 2025"]
[Site "Willingen GER"]
[Date "2025.06.10"]
[Round "4"]
[White "Jakob, Lucas"]
[Black "Schmidt, Jossip"]
[Result "1-0"]
[Termination "normal"]
[Board "24"]
[WhiteElo "1687"]
[BlackElo "1647"]
[WhiteClock "01:01:09"]
[BlackClock "00:39:33"]
[PlyCount "59"]
[WhiteFideId "34687181"]
[BlackFideId "34621148"]
[EventCountry "GER"]
[EventRounds "9"]
[EventType "swiss"]
[EventDate "2025.06.07"]

1. b3 {[%clk 01:30:58]} {[%emt 00:00:01]} Nf6 {[%clk 01:30:48]} {[%emt
00:00:12]} 2. Bb2 {[%clk 01:31:23]} {[%emt 00:00:06]} c5 {[%clk 01:30:57]}
{[%emt 00:00:19]} 3. e3 {[%clk 01:31:47]} {[%emt 00:00:07]} g6 {[%clk
01:31:09]} {[%emt 00:00:17]} 4. Nf3 {[%clk 01:31:29]} {[%emt 00:00:50]} Bg7
{[%clk 01:31:23]} {[%emt 00:00:14]} 5. Be2 {[%clk 01:31:15]} {[%emt 00:00:45]}
O-O {[%clk 01:31:24]} {[%emt 00:00:29]} 6. O-O {[%clk 01:31:26]} {[%emt
00:00:18]} d5 {[%clk 01:31:21]} {[%emt 00:00:33]} 7. c4 {[%clk 01:31:48]}
{[%emt 00:00:09]} e6 {[%clk 01:30:30]} {[%emt 00:01:20]} 8. d4 {[%clk
01:32:00]} {[%emt 00:00:19]} cxd4 {[%clk 01:29:24]} {[%emt 00:01:37]} 9. exd4
{[%clk 01:32:12]} {[%emt 00:00:17]} a6 {[%clk 01:25:26]} {[%emt 00:04:27]} 10.
Nc3 {[%clk 01:32:18]} {[%emt 00:00:24]} dxc4 {[%clk 01:25:42]} {[%emt
00:00:14]} 11. bxc4 {[%clk 01:32:36]} {[%emt 00:00:13]} b6 {[%clk 01:24:08]}
{[%emt 00:02:03]} 12. Ne5 {[%clk 01:29:55]} {[%emt 00:03:12]} Bb7 {[%clk
01:19:45]} {[%emt 00:04:53]} 13. Bf3 {[%clk 01:29:45]} {[%emt 00:00:40]} Bxf3
{[%clk 01:20:12]} {[%emt 00:00:03]} 14. Qxf3 {[%clk 01:30:03]} {[%emt
00:00:12]} Ra7 {[%clk 01:20:23]} {[%emt 00:00:19]} 15. Rfd1 {[%clk 01:29:50]}
{[%emt 00:00:42]} Nfd7 {[%clk 01:18:07]} {[%emt 00:02:46]} 16. Ne4 {[%clk
01:28:54]} {[%emt 00:01:26]} f6 {[%clk 01:13:33]} {[%emt 00:05:03]} 17. Nd3
{[%clk 01:26:42]} {[%emt 00:02:44]} e5 {[%clk 01:08:33]} {[%emt 00:05:29]} 18.
dxe5 {[%clk 01:22:02]} {[%emt 00:05:11]} fxe5 {[%clk 01:08:02]} {[%emt
00:00:59]} 19. Qg3 {[%clk 01:21:54]} {[%emt 00:00:39]} Qe7 {[%clk 01:00:57]}
{[%emt 00:07:36]} 20. a4 {[%clk 01:20:08]} {[%emt 00:02:17]} Qe6 {[%clk
00:59:49]} {[%emt 00:01:37]} 21. Ba3 {[%clk 01:19:00]} {[%emt 00:01:37]} Rd8
{[%clk 00:59:42]} {[%emt 00:00:36]} 22. Qh4 {[%clk 01:17:39]} {[%emt 00:01:52]}
Nf6 {[%clk 00:59:19]} {[%emt 00:00:53]} 23. Ng5 {[%clk 01:15:16]} {[%emt
00:02:54]} Qf5 {[%clk 00:58:50]} {[%emt 00:00:58]} 24. Nxe5 {[%clk 01:09:22]}
{[%emt 00:06:24]} Rxd1+ {[%clk 00:54:35]} {[%emt 00:04:46]} 25. Rxd1 {[%clk
01:07:05]} {[%emt 00:02:48]} Qxe5 {[%clk 00:54:56]} {[%emt 00:00:08]} 26. Rd8+
{[%clk 01:06:52]} {[%emt 00:00:42]} Bf8 {[%clk 00:55:07]} {[%emt 00:00:18]} 27.
Rxf8+ {[%clk 01:07:11]} {[%emt 00:00:12]} Kg7 {[%clk 00:55:26]} {[%emt
00:00:10]} 28. h3 {[%clk 01:04:51]} {[%emt 00:02:52]} Rd7 {[%clk 00:43:17]}
{[%emt 00:12:39]} 29. g3 {[%clk 01:02:12]} {[%emt 00:03:09]} h6 {[%clk
00:39:33]} {[%emt 00:04:14]} 30. Nf3 {[%clk 01:01:09]} {[%emt 00:01:21]} 1-0

[Event "ODJM B 2025"]
[Site "Willingen GER"]
[Date "2025.06.10"]
[Round "4"]
[White "Päpke, Aaron"]
[Black "Mai, Mariella"]
[Result "0-1"]
[Termination "normal"]
[Board "25"]
[WhiteElo "1652"]
[BlackElo "1738"]
[WhiteClock "01:01:24"]
[BlackClock "00:01:34"]
[PlyCount "96"]
[WhiteFideId "34684930"]
[BlackFideId "16281780"]
[EventCountry "GER"]
[EventRounds "9"]
[EventType "swiss"]
[EventDate "2025.06.07"]

1. Nf3 {[%clk 01:30:54]} {[%emt 00:00:05]} d5 {[%clk 01:30:23]} {[%emt
00:00:37]} 2. c4 {[%clk 01:31:20]} {[%emt 00:00:05]} e6 {[%clk 01:30:06]}
{[%emt 00:00:47]} 3. b3 {[%clk 01:31:05]} {[%emt 00:00:45]} c5 {[%clk
01:24:48]} {[%emt 00:05:48]} 4. e3 {[%clk 01:31:27]} {[%emt 00:00:08]} Nc6
{[%clk 01:20:54]} {[%emt 00:04:24]} 5. Bb2 {[%clk 01:31:47]} {[%emt 00:00:10]}
d4 {[%clk 01:18:55]} {[%emt 00:02:30]} 6. exd4 {[%clk 01:32:01]} {[%emt
00:00:15]} cxd4 {[%clk 01:17:44]} {[%emt 00:01:41]} 7. Qe2 {[%clk 01:32:26]}
{[%emt 00:00:05]} Nf6 {[%clk 01:14:46]} {[%emt 00:03:27]} 8. Na3 {[%clk
01:32:42]} {[%emt 00:00:15]} Bd6 {[%clk 01:09:09]} {[%emt 00:06:07]} 9. Nb5
{[%clk 01:31:37]} {[%emt 00:01:35]} e5 {[%clk 01:07:28]} {[%emt 00:02:11]} 10.
Nfxd4 {[%clk 01:31:50]} {[%emt 00:00:17]} Nxd4 {[%clk 01:03:41]} {[%emt
00:04:15]} 11. Bxd4 {[%clk 01:30:30]} {[%emt 00:01:52]} O-O {[%clk 01:01:57]}
{[%emt 00:02:14]} 12. Bb2 {[%clk 01:26:50]} {[%emt 00:04:10]} Bc5 {[%clk
00:59:29]} {[%emt 00:02:58]} 13. h3 {[%clk 01:26:16]} {[%emt 00:01:03]} Bf5
{[%clk 00:53:02]} {[%emt 00:06:57]} 14. Qf3 {[%clk 01:22:34]} {[%emt 00:04:12]}
Ne4 {[%clk 00:41:12]} {[%emt 00:12:21]} 15. O-O-O {[%clk 01:15:04]} {[%emt
00:08:00]} Bg6 {[%clk 00:35:34]} {[%emt 00:06:07]} 16. Ba3 {[%clk 01:10:17]}
{[%emt 00:05:18]} Bxa3+ {[%clk 00:33:52]} {[%emt 00:02:12]} 17. Nxa3 {[%clk
01:10:40]} {[%emt 00:00:06]} Qd4 {[%clk 00:33:48]} {[%emt 00:00:31]} 18. Nc2
{[%clk 01:10:46]} {[%emt 00:00:28]} Qxf2 {[%clk 00:33:18]} {[%emt 00:01:00]}
19. Rh2 {[%clk 01:09:33]} {[%emt 00:01:43]} Qg1 {[%clk 00:30:26]} {[%emt
00:03:22]} 20. Bd3 {[%clk 01:08:22]} {[%emt 00:01:42]} Qxh2 {[%clk 00:30:47]}
{[%emt 00:00:08]} 21. Bxe4 {[%clk 01:08:37]} {[%emt 00:00:15]} Bxe4 {[%clk
00:29:29]} {[%emt 00:01:48]} 22. Qxe4 {[%clk 01:09:01]} {[%emt 00:00:05]} b6
{[%clk 00:29:06]} {[%emt 00:00:53]} 23. Ne3 {[%clk 01:06:24]} {[%emt 00:03:08]}
Qf4 {[%clk 00:26:38]} {[%emt 00:02:54]} 24. Qb7 {[%clk 01:06:17]} {[%emt
00:00:40]} Qd4 {[%clk 00:24:49]} {[%emt 00:02:19]} 25. Kb1 {[%clk 01:06:17]}
{[%emt 00:00:31]} a5 {[%clk 00:22:11]} {[%emt 00:03:09]} 26. Nd5 {[%clk
01:06:07]} {[%emt 00:00:39]} a4 {[%clk 00:15:41]} {[%emt 00:07:00]} 27. Qxb6
{[%clk 01:04:20]} {[%emt 00:02:16]} Qd3+ {[%clk 00:14:11]} {[%emt 00:02:01]}
28. Kc1 {[%clk 01:04:16]} {[%emt 00:00:33]} Rab8 {[%clk 00:12:35]} {[%emt
00:02:07]} 29. Qe3 {[%clk 01:03:10]} {[%emt 00:01:35]} Qxe3 {[%clk 00:12:34]}
{[%emt 00:00:31]} 30. Nxe3 {[%clk 01:03:14]} {[%emt 00:00:26]} axb3 {[%clk
00:12:55]} {[%emt 00:00:10]} 31. axb3 {[%clk 01:03:36]} {[%emt 00:00:08]} Rxb3
{[%clk 00:13:16]} {[%emt 00:00:09]} 32. Kc2 {[%clk 01:02:35]} {[%emt 00:01:31]}
Rfb8 {[%clk 00:13:00]} {[%emt 00:00:46]} 33. Rc1 {[%clk 01:02:58]} {[%emt
00:00:07]} Rb2+ {[%clk 00:10:27]} {[%emt 00:03:02]} 34. Kd1 {[%clk 01:03:21]}
{[%emt 00:00:07]} Rb1 {[%clk 00:10:45]} {[%emt 00:00:13]} 35. Rxb1 {[%clk
01:03:05]} {[%emt 00:00:45]} Rxb1+ {[%clk 00:11:10]} {[%emt 00:00:05]} 36. Kc2
{[%clk 01:03:29]} {[%emt 00:00:06]} Ra1 {[%clk 00:10:41]} {[%emt 00:01:00]} 37.
Kb2 {[%clk 01:03:13]} {[%emt 00:00:45]} Ra6 {[%clk 00:11:04]} {[%emt 00:00:06]}
38. Kb3 {[%clk 01:03:27]} {[%emt 00:00:17]} Kf8 {[%clk 00:11:04]} {[%emt
00:00:30]} 39. Nd5 {[%clk 01:03:43]} {[%emt 00:00:14]} f5 {[%clk 00:10:23]}
{[%emt 00:01:11]} 40. c5 {[%clk 01:03:52]} {[%emt 00:00:22]} Rg6 {[%clk
00:09:56]} {[%emt 00:00:57]} 41. Ne3 {[%clk 01:03:29]} {[%emt 00:00:53]} Rg3
{[%clk 00:08:42]} {[%emt 00:01:43]} 42. Kb4 {[%clk 01:03:40]} {[%emt 00:00:20]}
Ke8 {[%clk 00:08:14]} {[%emt 00:00:58]} 43. c6 {[%clk 01:03:37]} {[%emt
00:00:33]} f4 {[%clk 00:05:56]} {[%emt 00:02:47]} 44. Nd5 {[%clk 01:02:23]}
{[%emt 00:01:44]} Rxg2 {[%clk 00:02:25]} {[%emt 00:04:02]} 45. Kc5 {[%clk
01:02:12]} {[%emt 00:00:41]} Rxd2 {[%clk 00:01:53]} {[%emt 00:01:02]} 46. Nb6
{[%clk 01:01:39]} {[%emt 00:01:04]} Kd8 {[%clk 00:01:00]} {[%emt 00:01:22]} 47.
Nc4 {[%clk 01:01:28]} {[%emt 00:00:40]} Rc2 {[%clk 00:01:14]} {[%emt 00:00:17]}
48. Kd5 {[%clk 01:01:24]} {[%emt 00:00:34]} Rxc4 {[%clk 00:01:34]} {[%emt
00:00:09]} 0-1